00000000nam##2200000za#4500
0019.614091
003CaOODSP
00520200327180948
007ta
008150406|1997||||xxc|||||     f|0| 0 eng|d
020 |a0-662-26204-2
040 |aCaOODSP|beng
043 |an-cn---
0861 |aF21-4/97-3E
1101 |aCanada. |bDepartment of Finance.
24510|aTaxes, the cost of capital, and investment : |ba comparison of Canada and the United States / |cby Kenneth J. McKenzie and Aileen J. Thompson.
260 |aOttawa - Ontario : |bFinance Canada |c1997.
300 |a35p. : |bgraphs, references, tables ; |c28 cm.
4901 |aWorking paper|v97-3
500 |a"In this paper, we present historical data pertaining to the cost of capital and investment spending in Canada and the United States. We also perform an empirical analysis of the impact of changes in the relative cost of capital on relative investment levels in the two countries."--Abstract.
5203 |aIn this paper, we present historical data pertaining to the cost of capital and investment spending in Canada and the United States. We also perform an empirical analysis of the impact of changes in the relative cost of capital on relative investment levels in the two countries.--Abstract
563 |aSoftcover
590 |a97-44|b1997-10-31
7201 |aMcKenzie, Kenneth J.
7201 |aThompson, Aileen J.
77508|tLes impôts, le coût du capital et l'investissement : |w(CaOODSP)9.624571
7760#|tTaxes, the cost of capital, and investment : |w(CaOODSP)9.572352
830#0|aWorking paper ;|v97-3|w(CaOODSP)9.514611